[Event "3rd Shenzhen Longgong Masters Dute Cup"]
[Site "Shenzhen"]
[Date "2019.04.20"]
[Round "4.3"]
[White "Rapport, Richard"]
[Black "Yu, Yangyi"]
[Result "1/2-1/2"]
[WhiteElo "2726"]
[BlackElo "2751"]
[Annotator "TA"]
[PlyCount "62"]
[EventDate "2019.04.17"]
[EventType "tourn"]
[EventCountry "CHN"]
[SourceTitle "playchess.com"]
[Source "ChessBase"]
[SourceQuality "1"]

{[%evp 20,62,18,14,33,26,20,26,32,19,18,18,18,17,19,20,15,4,10,4,15,15,15,15,11,11,10,10,15,2,2,2,2,2,2,2,2,2,2,2,2,2,3,0,0]} 1. Nf3 d5 2. g3 c5 3. Bg2 Nc6 4. d4 e6 ({Predecessor:} 4... Nf6 5. O-O {½-½ (26) Mueller,B (1535)-Roberts,A (2162) LSS email 2014}) 5. O-O Nf6 6. c4 dxc4 7. dxc5 Qxd1 8. Rxd1 Bxc5 9. Nbd2 c3 10. bxc3 O-O 11. Nb3 Be7 {E04: Open Catalan: 5 Nf3} 12. Nfd4 $146 (12. c4 Bd7 13. Bb2 Rfd8 14. Nfd4 Rab8 15. Nxc6 Bxc6 16. Rxd8+ Rxd8 17. Bxc6 bxc6 18. Bxf6 Bxf6 19. Rc1 g5 20. c5 Kf8 {1-0 (36) Giri,A (2780)-Wojtaszek,R (2749) Shenzhen 2018}) 12... Nxd4 13. cxd4 Nd5 {White has an edge.} 14. Na5 Bb4 {The position is equal.} 15. Bd2 Nc3 16. Nxb7 Nxe2+ 17. Kf1 Nc3 18. Bxc3 Bxc3 19. Rac1 Bxb7 20. Bxb7 Rab8 21. Rxc3 {[#] And now Rc7 would win.} Rxb7 $11 {[%mdl 4096] Endgame KRR-KRR} 22. d5 exd5 23. Rxd5 Re8 24. Ra5 g6 25. Rca3 Ree7 26. g4 Kg7 27. Kg2 h6 28. h4 Rbc7 29. Kg3 Rb7 30. h5 g5 31. Re3 Red7 {Accuracy: White = 68%, Black = 88%.} 1/2-1/2

[Event "3rd Shenzhen Longgong Masters Dute Cup"]
[Site "Shenzhen"]
[Date "2019.04.21"]
[Round "5.1"]
[White "Yu, Yangyi"]
[Black "Harikrishna, Pentala"]
[Result "0-1"]
[WhiteElo "2751"]
[BlackElo "2723"]
[Annotator "TA"]
[PlyCount "56"]
[EventDate "2019.04.17"]
[EventType "tourn"]
[EventCountry "CHN"]
[SourceTitle "playchess.com"]
[Source "ChessBase"]
[SourceQuality "1"]

{[%evp 13,152,11,15,5,14,6,25,18,32,16,18,6,12,12,17,0,8,0,0,-4,-5,-12,-10,-17,-18,-50,-43,-50,-48,-43,-19,-27,-28,-34,-28,-38,-43,-75,-68,-79,-80,-79,-72,-67,-42,-74,-24,-24,-24,-24,-26,-26,-25,-22,-19,-22,-33,-29,-14,-17,-2,-2,-2,-13,0,-68,-72,-77,-38,-31,-8,-22,-8,-59,-54,-70,-8,-8,-8,-144,-135,-483,-513,-638,-635,-633,-626,-461,-122,-365,-31,-31,-42,-88,-8,-8,-8,-8,-8,-8,0,0,0,-8,-8,-8,-8,-8,-8,-8,-8,-345,-345,-345,-345,-345,-345,-345,-345,-345,-345,-345,-345,-345,-345,-345,-345,-345,-345,-345,-345,-345,-345,-29984,-29985,-29989,-29990,-29990,-29991,-29991,-29992]} 1. e4 e5 2. Nf3 Nc6 3. Bc4 Bc5 4. O-O Nf6 5. d3 d6 6. c3 a6 7. a4 h6 8. Nbd2 {[%cal Bb1d2,Bd2f1,Bf1g3][%mdl 32] C54: Giuoco Piano: 4 c3 Nf6, main lines with 5 d4 and 5 d3} O-O 9. Re1 Re8 10. Nf1 {White has an edge.} Ba7 11. Ng3 Be6 12. Bxe6 Rxe6 13. b4 d5 {[#]} 14. Qb3 $146 ({Predecessor:} 14. Qc2 Qd7 15. h3 {0-1 (42) Aronian,L (2764)-Anand,V (2760) Stavanger 2018}) 14... Qd7 15. h3 Rd8 16. Bb2 dxe4 17. dxe4 Rd6 {With the idea ...Rd3.} 18. Qc2 Qe6 19. Red1 Rxd1+ 20. Rxd1 Rxd1+ 21. Qxd1 Qc4 (21... Qa2 $5 {[%cal Ra2b2]} 22. Qc2 a5 $15) 22. Qb1 a5 23. Nd2 Qe6 24. Ba3 axb4 25. cxb4 Nd4 26. b5 Qb6 {...Nc2! is the strong threat.} 27. Kh2 Ne6 28. Nh1 Nd7 {Played: Qb6-d4} 0-1

[Event "3rd Shenzhen Longgong Masters Dute Cup"]
[Site "Shenzhen"]
[Date "2019.04.21"]
[Round "5.2"]
[White "Giri, Anish"]
[Black "Rapport, Richard"]
[Result "1/2-1/2"]
[WhiteElo "2797"]
[BlackElo "2726"]
[Annotator "TA"]
[PlyCount "61"]
[EventDate "2019.04.17"]
[EventType "tourn"]
[EventCountry "CHN"]
[SourceTitle "playchess.com"]
[Source "ChessBase"]
[SourceQuality "1"]

{[%evp 9,61,34,40,3,13,6,13,-13,4,-25,-15,-24,-30,-16,-15,-16,-15,-58,-39,-38,-33,-43,-30,-50,0,0,32,33,21,0,0,0,0,-14,-15,-15,-8,-15,-15,-15,-15,-11,-12,-12,-14,-15,-15,-15,-15,-17,-9,-15,-15,-15]} 1. e4 c5 2. Nf3 Nc6 3. Bb5 e5 4. O-O (4. Bxc6 dxc6 5. d3 Bd6 6. Nbd2 Ne7 7. Nc4 Ng6 8. Be3 f6 9. Nxd6+ Qxd6 10. Nd2 Be6 11. a4 a5 {0-1 (59) Malakhov,V (2654)-Kozul,Z (2612) Zagreb 2018}) 4... Bd6 5. c3 a6 6. Bxc6 {B30: Sicilian: 2...Nc6 3 Bb5, lines without ...g6} dxc6 7. d4 exd4 8. cxd4 Bg4 9. e5 $146 (9. Nbd2 {is more complex.} cxd4 10. h3 Bh5 11. Qb3 Bc5 12. Qxb7 Ne7 13. Qb3) ({Predecessor:} 9. h3 Bxf3 10. Qxf3 cxd4 11. e5 Bc7 {0-1 (27) Apryshko,G (2366)-Pavlov,S (2489) Voronezh 2018}) 9... Bc7 10. dxc5 Qxd1 11. Rxd1 Bxf3 12. gxf3 Bxe5 13. a4 Nf6 14. Ra3 {[#] Threatens to win with Re3.} Rd8 15. Re1 {Hoping for f4.} O-O 16. Rb3 Rd5 17. Rxb7 Rxc5 18. b4 Rd5 19. Rb6 {The position is equal.} a5 20. bxa5 Rxa5 21. Bd2 Rxa4 22. Rxc6 ({Of course not} 22. Rxe5 Nd7 $17) 22... Bb8 23. Kg2 Rh4 24. h3 Nd5 25. Re4 Nf4+ 26. Bxf4 $1 Rxf4 27. Rxf4 Bxf4 28. Nc3 g6 29. Nd5 Be5 30. Nf6+ Bxf6 31. Rxf6 {Accuracy: White = 55%, Black = 79%.} 1/2-1/2

[Event "3rd Shenzhen Longgong Masters Dute Cup"]
[Site "Shenzhen"]
[Date "2019.04.21"]
[Round "5.3"]
[White "Ding, Liren"]
[Black "Jakovenko, Dmitry"]
[Result "1-0"]
[WhiteElo "2809"]
[BlackElo "2719"]
[Annotator "TA"]
[PlyCount "83"]
[EventDate "2019.04.17"]
[EventType "tourn"]
[EventCountry "CHN"]
[SourceTitle "playchess.com"]
[Source "ChessBase"]
[SourceQuality "1"]

{[%evp 10,83,20,-8,4,2,14,-14,-8,-14,20,0,0,0,0,0,0,8,20,16,16,29,30,25,40,40,36,41,47,56,66,59,56,69,78,66,133,129,124,82,89,89,89,89,89,89,50,93,85,51,341,291,351,334,343,347,343,328,329,321,633,614,634,631,724,717,713,681,939,930,920,914,870,860,29996,29997]} 1. c4 Nf6 2. Nc3 c5 3. g3 e6 4. Nf3 b6 5. e4 Bb7 6. Qe2 Nc6 {A17: English Opening: 1...Nf6 with ...Bb4} 7. Bg2 d6 8. O-O Nd7 {The position is equal.} (8... Be7 9. Rd1 a6 10. d4 cxd4 11. Nxd4 Nxd4 12. Rxd4 Qc7 13. b3 O-O 14. Ba3 {1-0 (51) Aronian,L (2768)-Jakovenko,D (2760) Jermuk 2009}) 9. d3 g6 $146 ({Predecessor:} 9... Be7 10. Be3 O-O 11. d4 cxd4 12. Nxd4 a6 13. Rac1 Nxd4 14. Bxd4 {0-1 (59) Krasenkow,M (2619)-Gritsak,O (2528) Wroclaw 2011}) 10. Bg5 Be7 11. Bxe7 Qxe7 12. d4 cxd4 13. Nb5 O-O 14. Nfxd4 Nxd4 15. Nxd4 a6 16. Rfd1 Rac8 17. Rd2 Rfd8 18. Rad1 Ne5 19. b3 Qc7 20. Nc2 Qc5 21. Qe3 Nc6 22. a4 Kf8 {[#]} (22... h5 $14) 23. Qh6+ $1 $16 Kg8 24. Rd5 exd5 25. Rxd5 Ne5 26. Rxc5 dxc5 27. Ne3 Rd3 28. h4 Rxb3 29. h5 $40 {[%mdl 128] White is up to no good.} Rf8 $2 {[%mdl 8192]} (29... Re8 $14) 30. Qf4 $18 f6 {[#] Strongly threatening ...g5.} 31. Ng4 $1 {[%cal Rg4f6]} Nxg4 32. Qxg4 Rb1+ 33. Kh2 Bc8 34. Qf4 Be6 $2 ({Much worse is} 34... gxh5 35. e5 $18) (34... Rd1 35. Qc7 gxh5) 35. Qd6 Bxc4 36. h6 Rb4 37. f4 Ba2 38. e5 {White threatens e6 and mate.} fxe5 39. Qxe5 {[%csl Gh6][%cal Re5g7]} Rf7 40. Bc6 Rd4 41. Be8 Rb7 {[#]} 42. Bd7 $1 {[%mdl 576] Back Rank, Clearance. Accuracy: White = 85%, Black = 40%.} 1-0

[Event "3rd Shenzhen Longgong Masters Dute Cup"]
[Site "Shenzhen"]
[Date "2019.04.23"]
[Round "6.1"]
[White "Rapport, Richard"]
[Black "Ding, Liren"]
[Result "1/2-1/2"]
[WhiteElo "2726"]
[BlackElo "2809"]
[Annotator "TA"]
[PlyCount "86"]
[EventDate "2019.04.17"]
[EventType "tourn"]
[EventCountry "CHN"]
[SourceTitle "playchess.com"]
[Source "ChessBase"]
[SourceQuality "1"]

{[%evp 24,86,0,0,25,25,25,21,25,24,25,25,27,21,21,21,18,16,33,28,37,21,21,21,21,17,31,31,31,31,53,53,53,53,53,45,66,55,64,55,55,55,55,55,55,55,55,55,55,55,52,24,24,21,21,9,38,38,54,0,0,0,18,0,0]} 1. e4 e5 2. Nf3 Nc6 3. Nc3 Nf6 4. d4 exd4 5. Nxd4 Bb4 6. Nxc6 bxc6 7. Bd3 d5 8. exd5 O-O 9. O-O cxd5 10. Bg5 c6 11. Qf3 Bd6 12. Rae1 Rb8 13. Nd1 h6 {C47: Scotch Four Knights and Four Knights with 4 g3} 14. Bxf6 Qxf6 15. Qxf6 gxf6 16. b3 Kg7 17. Ne3 Re8 18. Nf5+ Bxf5 $1 19. Bxf5 Re5 {[#]} 20. Bd7 $146 ({Predecessor:} 20. Bd3 Bb4 21. Re3 Rxe3 22. fxe3 {½-½ (35) Duda,J (2738)-Ding,L (2813) Wijk aan Zee 2019}) 20... Rb6 21. g3 Bb4 22. Rd1 Re2 23. Bf5 Re5 24. Bd3 c5 25. f4 Re3 26. Kg2 d4 27. Rf3 Rbe6 28. Rxe3 Rxe3 $14 {[%mdl 4096] Endgame KRB-KRB} 29. Rf1 a5 30. Rf2 (30. Kh3 {with more complications.} h5 31. Rf2 Bc3 32. Rg2 Kh6 33. Kh4) 30... Be1 31. Re2 Rxe2+ 32. Bxe2 {KB-KB} f5 33. Bh5 Bd2 34. Kf3 Be3 35. Ke2 Bg1 36. h3 Kf6 37. g4 fxg4 38. hxg4 Be3 39. Kf3 Ke7 40. Ke4 f6 41. f5 ({White should try} 41. Kd5 $14) 41... Kd6 $11 {The position is equal.} 42. Bf7 Bd2 43. a4 Bc3 {Accuracy: White = 62%, Black = 59%.} 1/2-1/2

[Event "3rd Shenzhen Longgong Masters Dute Cup"]
[Site "Shenzhen"]
[Date "2019.04.23"]
[Round "6.2"]
[White "Harikrishna, Pentala"]
[Black "Jakovenko, Dmitry"]
[Result "1-0"]
[WhiteElo "2723"]
[BlackElo "2719"]
[Annotator "TA"]
[PlyCount "87"]
[EventDate "2019.04.17"]
[EventType "tourn"]
[EventCountry "CHN"]
[SourceTitle "playchess.com"]
[Source "ChessBase"]
[SourceQuality "1"]

{[%evp 18,87,23,21,24,16,9,24,20,15,22,13,22,22,11,11,11,14,23,10,3,16,12,2,6,10,13,11,6,0,0,4,14,16,43,48,123,106,155,155,146,148,164,164,175,177,174,174,162,173,176,172,163,158,198,198,198,197,196,196,225,199,200,198,265,231,224,193,272,281,279,268]} 1. e4 e5 2. Nf3 Nc6 3. Bb5 Nf6 4. O-O Nxe4 5. Re1 Nd6 6. Nxe5 Be7 7. Bf1 Nxe5 8. Rxe5 O-O 9. d4 Bf6 10. Re1 Re8 {C67: Ruy Lopez: Berlin Defence: 4 0-0 Nxe4} 11. c3 Rxe1 12. Qxe1 Ne8 {White has an edge.} 13. d5 b6 {[#]} 14. c4 $146 ({Predecessor:} 14. Bf4 Bb7 15. Qd2 h6 16. c4 c6 17. Nc3 cxd5 18. cxd5 {1-0 (36) Nepomniachtchi,I (2763)-Kramnik,V (2777) Wijk aan Zee 2019}) 14... Qe7 15. Qxe7 Bxe7 16. Nc3 Bf6 17. Bd2 c6 18. Re1 {[%cal Re1e8]} Bb7 19. dxc6 dxc6 20. c5 $40 {[%mdl 128] White mounts an attack.} Nc7 21. b4 Ba6 22. Ne4 Be7 23. Nd6 Kf8 24. Nf5 Bxf1 25. Nxe7 Bc4 26. Nxc6 Bxa2 (26... Ne6 $14) 27. Bf4 $16 Nd5 28. Bd6+ Kg8 29. Nb8 $1 {[%cal Re1e8]} f6 30. c6 a5 31. bxa5 $1 bxa5 32. c7 Nxc7 33. Bxc7 a4 34. Bd6 Bd5 35. Re3 Bb3 {[#]} 36. Re8+ $1 Kf7 {[#]} 37. Rf8+ $1 Ke6 38. Ba3 Kd5 39. Rc8 Ke4 40. Rd8 Bc4 (40... Kf5 {might work better.} 41. f3 h6) 41. h4 Bb5 42. Kh2 Ra7 (42... h5 $142 43. Kg3 g5) 43. f3+ $18 Ke5 44. Rd6 {Accuracy: White = 79%, Black = 41%.} 1-0

[Event "3rd Shenzhen Longgong Masters Dute Cup"]
[Site "Shenzhen"]
[Date "2019.04.23"]
[Round "6.3"]
[White "Giri, Anish"]
[Black "Yu, Yangyi"]
[Result "1-0"]
[WhiteElo "2797"]
[BlackElo "2751"]
[Annotator "TA"]
[PlyCount "204"]
[EventDate "2019.04.17"]
[EventType "tourn"]
[EventCountry "CHN"]
[SourceTitle "playchess.com"]
[Source "ChessBase"]
[SourceQuality "1"]

{[%evp 10,204,0,1,6,8,14,0,12,10,11,19,13,6,48,45,49,47,50,47,60,45,52,42,34,30,30,32,56,27,18,22,60,43,59,35,52,43,67,64,80,74,67,67,67,67,104,104,106,102,110,110,108,110,116,116,113,125,121,106,105,89,87,95,126,100,125,115,126,0,116,116,109,109,109,125,118,116,238,238,238,238,340,109,109,89,89,89,93,84,84,87,95,89,109,96,109,96,109,109,109,109,116,0,116,0,116,116,124,116,116,116,116,116,116,116,116,116,116,116,116,116,124,36,36,37,84,8,164,164,164,164,164,164,29953,29951,12795,12666,29941,29961,29959,29964,29961,29954,29956,7585,5514,164,164,0,3233,0,29957,29957,29954,29953,29953,29947,12829,7268,2209,0,1746,0,939,164,164,164,164,0,164,164,164,164,164,164,164,164,164,164,29961,29960,29955,29955,29969,29970,29971,29972,29971,29972,29984,29983,29973,29974,29974,29974,6444]} 1. Nf3 d5 2. e3 Nf6 3. c4 e6 4. Nc3 Be7 5. b3 O-O 6. Bb2 dxc4 {A13: English Opening: 1...e6} 7. bxc4 (7. Bxc4 c5 8. h4 a6 9. Qb1 b5 10. Be2 Bb7 11. Ng5 Nbd7 12. Bf3 Bxf3 13. Nxf3 Rc8 14. Ne2 {0-1 (59) Nepomniachtchi,I (2763)-Yu,Y (2764) St Petersburg 2018}) 7... b6 8. d4 Bb7 {The position is equal.} 9. Bd3 c5 10. d5 $146 ({Predecessor:} 10. O-O cxd4 11. exd4 Nc6 12. Re1 Re8 13. Rc1 Rc8 14. a3 Kh8 15. Ng5 Kg8 16. d5 exd5 17. Nxd5 Nxd5 18. Qh5 {1-0 (18) Lie,K (2537)-Kaasen,T (2340) Drammen 2018}) 10... exd5 11. cxd5 b5 12. Bxb5 Nxd5 13. O-O Nf6 14. Qc2 a6 15. Rad1 Qc7 16. Bc4 Nbd7 17. Nd5 Nxd5 18. Bxd5 Rad8 19. Bc3 Bxd5 20. Rxd5 $40 {[%mdl 128] White attacks.} Nf6 21. Rg5 {[%cal Bd5g5,Bg5g4,Bg4a4][%mdl 32]} Ne8 22. Rg4 Qd6 23. Rc1 h6 24. Ra4 Nf6 25. Nh4 Qe6 26. Nf5 Rfe8 27. Rf4 Nh5 28. Nxe7+ Rxe7 29. Rf5 Rd5 30. Rxd5 Qxd5 31. h3 Re6 32. Rd1 Qe4 33. Qxe4 Rxe4 $16 {[%mdl 4096] Endgame KRB-KRN} 34. Rd8+ Kh7 35. Rc8 Rc4 36. Bd4 Rc1+ 37. Kh2 c4 38. Rc7 Kg8 39. Rc8+ Kh7 40. Rf8 Rc2 41. Rxf7 Kg6 42. Ra7 Rxf2 43. Rxa6+ Kg5 (43... Kf7 $16 {might work better.} 44. a4 Ra2) 44. a4 $18 {[%cal Ba2a4,Ba4a5][%mdl 32]} Ra2 45. a5 $1 Ra3 (45... Nf6 {is a better defense.} 46. Ra7 Kf5) 46. Bc5 $2 (46. e4 $18) 46... Ra4 $16 47. Be7+ Nf6 48. Bf8 Nh5 49. Rc6 Rxa5 50. Rxc4 Ra8 51. Bc5 Ra2 52. Bd4 Kg6 53. Rc7 Rd2 54. Rb7 Rc2 55. Rb6+ Kf7 56. Rb7+ Kg6 $1 57. Rb6+ Kf7 $1 58. Rb2 Rc7 59. g4 Nf6 60. Kg3 Rc1 61. Ra2 Rg1+ 62. Kf2 Rh1 63. Kg2 Rd1 64. Ra1 Rxa1 65. Bxa1 {KB-KN} Nd5 66. e4 (66. Kf3 $16) 66... Nf4+ $14 67. Kg3 g5 68. h4 (68. Bb2 $16) 68... Ne6 $2 (68... Nd3 $1 $11 {and Black has nothing to worry.}) 69. h5 $1 $18 Nf4 70. Kf3 Nd3 71. Bd4 Ne1+ $2 (71... Nf4 $18 72. Ke3 Ne6) 72. Ke2 $1 {[%cal Re2e1]} Nc2 73. Bc5 Na1 74. Kd3 Nb3 75. Bb4 Nc1+ 76. Kd2 Nb3+ 77. Ke3 (77. Kc3 $142 Nc1 78. Kd2 Nb3+ 79. Kd3 Kf6 80. Ke3 Kf7 81. e5 Nc1 82. Bd6) 77... Nc1 78. Bd6 $2 (78. e5 {Strongly threatening Ba3.} Nb3 79. Kd3) 78... Nb3 79. Bb4 $2 (79. Be5) 79... Nc1 $1 80. Kd2 (80. e5 $18 Nb3 81. Kd3) 80... Nb3+ 81. Kc3 Nc1 82. Bd6 Ne2+ 83. Kd3 Nc1+ 84. Kc4 Ne2 85. Kd3 Nc1+ $1 86. Kc4 Ne2 87. Kd5 $2 (87. Be5 {Kd3 is the strong threat.} Ng1 88. Bd6) 87... Nc3+ 88. Ke5 Ne2 89. Kd5 Nc3+ 90. Kd4 $1 {[%cal Rd4c3]} Nb5+ 91. Ke5 Nc3 92. Bc5 Ne2 93. Be3 Nc3 94. Bd2 Na4 $2 {[#]} (94... Ne2 $18 95. Be3 Ke7) 95. Bb4 $1 {White mates.} Nb2 {[#]} 96. Kf5 $1 Nd1 97. Bc5 Nc3 98. e5 Nd5 99. e6+ Kg8 100. Kg6 Nf4+ 101. Kxh6 Nxe6 102. Be3 Kf7 {Accuracy: White = 62%, Black = 60%.} 1-0

[Event "3rd Shenzhen Longgong Masters Dute Cup"]
[Site "Shenzhen"]
[Date "2019.04.24"]
[Round "7.1"]
[White "Harikrishna, Pentala"]
[Black "Giri, Anish"]
[Result "1/2-1/2"]
[WhiteElo "2723"]
[BlackElo "2797"]
[Annotator "TA"]
[PlyCount "131"]
[EventDate "2019.04.17"]
[EventType "tourn"]
[EventCountry "CHN"]
[SourceTitle "playchess.com"]
[Source "ChessBase"]
[SourceQuality "1"]

{[%evp 9,131,18,33,26,21,29,58,56,50,62,63,52,58,64,68,66,65,62,65,60,54,44,47,50,49,42,45,16,19,0,37,33,51,16,44,31,28,38,38,35,54,45,45,39,141,151,139,146,151,133,132,77,114,102,102,102,102,92,121,118,175,30,30,30,30,34,81,81,85,84,83,83,129,125,125,123,123,123,123,123,123,123,123,123,123,123,124,130,130,126,119,119,126,126,130,56,56,58,65,8,8,8,8,8,8,8,8,8,8,8,8,0,0,0,0,0,0,0,0,0,0,0,0,0]} 1. e4 $146 ({Predecessor:} 1. Nf3 c5 {1-0 (28) Svidler,P (2753)-Nepomniachtchi,I (2757) Jerusalem 2018}) 1... c5 2. Nf3 d6 3. Bb5+ Nd7 4. O-O a6 5. Bd3 Ngf6 6. c3 {B51: Sicilian: Moscow Variation (3 Bb5+) without 3...Bd7} b5 7. a4 c4 8. Be2 {White is slightly better.} Bb7 9. axb5 axb5 10. Rxa8 Bxa8 11. Na3 {[%cal Bb1a3,Ba3b5,Bb5d6,Bd6b7][%mdl 32]} Bxe4 12. Nxb5 d5 13. b3 cxb3 14. Qxb3 e6 $1 15. Ba3 Bxf3 $1 16. Bxf3 Be7 17. Nd6+ Kf8 $1 18. Nb7 Qe8 19. Nd6 Qd8 20. Re1 g6 21. c4 {[%cal Rc4d5]} (21. Nb7 $5 {[%cal Rb7d8]} Qe8 22. Bb2 $16) 21... dxc4 22. Qxc4 {[#] Strongly threatening Nxf7!} Bxd6 $1 23. Bxd6+ Kg7 24. h3 h6 25. Rb1 $36 {[%mdl 2048] White fights for an advantage.} Qa5 26. d4 e5 (26... Re8 $14) 27. Bc6 $16 Rc8 28. d5 Ne8 29. Bb4 Qc7 30. Qh4 (30. Qc3 $142) 30... Nb8 31. Rc1 Nxc6 32. Rxc6 Qd7 33. Qc4 Rxc6 34. dxc6 Qd4 {[#]} (34... Qd1+ $16 {was worth a try.} 35. Kh2 Qd4 36. Qxd4 exd4) 35. Qb3 ({White should play} 35. Qb5 $1 $18 {[%cal Rb5b8] Qb8 is the strong threat.} Qd1+ 36. Kh2) 35... Qa1+ $11 36. Kh2 {And now Bc3 would win.} Qc1 37. Qf3 Qf4+ 38. Qxf4 exf4 $16 {[%mdl 4096] Endgame KB-KN} 39. Bd2 g5 40. Ba5 Kg6 41. c7 Nd6 42. Bb4 Nc8 43. Kg1 Kf5 44. Kf1 Ke6 45. Ke2 Kd7 46. Bf8 h5 47. Kf3 Kxc7 48. Ke4 Nb6 49. Kf5 g4 50. Kxf4 gxh3 51. gxh3 Kd7 52. Bc5 (52. Kf5 $16) 52... Nc4 $1 $14 53. Kf5 Kc6 54. Be3 (54. Ba7 $14) 54... Kd5 $1 $11 {The position is equal.} 55. Bf4 Kd4 56. Bg3 Nd2 57. Kg5 Ke4 58. Kxh5 Kf3 59. h4 {Threatens to win with Kg5.} Ne4 60. Be5 Nxf2 61. Kg5 f6+ $1 62. Bxf6 Ne4+ 63. Kg6 {Hoping for h5.} Nxf6 64. Kxf6 {Threatening mate with h5.} Kg4 65. Ke5 Kxh4 66. Ke4 {Accuracy: White = 66%, Black = 78%.} 1/2-1/2

[Event "3rd Shenzhen Longgong Masters Dute Cup"]
[Site "Shenzhen"]
[Date "2019.04.24"]
[Round "7.2"]
[White "Ding, Liren"]
[Black "Yu, Yangyi"]
[Result "1/2-1/2"]
[WhiteElo "2809"]
[BlackElo "2751"]
[Annotator "TA"]
[PlyCount "72"]
[EventDate "2019.04.17"]
[EventType "tourn"]
[EventCountry "CHN"]
[SourceTitle "playchess.com"]
[Source "ChessBase"]
[SourceQuality "1"]

{[%evp 17,72,21,15,19,25,22,18,22,29,27,13,25,32,32,29,11,24,0,0,-9,-9,-10,0,0,0,-22,-25,-25,-22,-23,-34,-27,-11,-18,-20,-13,-9,-9,-9,-8,-8,-8,-8,-8,-8,-8,-8,-8,-8,-8,-8,-8,-8,-8,-8,-8,-8]} 1. c4 Nf6 2. Nc3 e5 3. Nf3 Nc6 4. g3 Bb4 5. Bg2 O-O 6. O-O e4 7. Ng5 Bxc3 8. bxc3 Re8 9. f3 e3 10. d3 {A29: English Opening: Four Knights Variation with 4 g3} d5 11. Qa4 h6 12. cxd5 Nxd5 13. Ne4 f5 14. Nc5 f4 15. Ne4 Rb8 {[#]} 16. Qd1 $146 ({Predecessor:} 16. Qa3 Re6 17. c4 Nde7 {0-1 (54) Nakamura,H (2792)-Aronian,L (2809) Saint Louis 2017}) 16... b5 17. a3 a5 18. c4 bxc4 19. dxc4 Nde7 20. gxf4 Nf5 21. Bh3 Ncd4 22. Bxf5 Nxf5 23. Qxd8 Rxd8 24. a4 Ba6 25. Ng3 {The position is equal.} Nxg3 26. hxg3 Bxc4 27. Bxe3 Bxe2 {[#] ...Rb3 is the strong threat.} 28. Rf2 Rd1+ 29. Rxd1 Bxd1 $11 {[%mdl 4096] Endgame KRB-KRB} 30. Bd2 Ra8 31. Bc3 Bxa4 32. Ra2 Bc6 33. Rxa5 Bxf3 34. Kf2 Bh1 35. Rxa8+ Bxa8 36. f5 h5 {Accuracy: White = 75%, Black = 86%.} 1/2-1/2

[Event "3rd Shenzhen Longgong Masters Dute Cup"]
[Site "Shenzhen"]
[Date "2019.04.24"]
[Round "7.3"]
[White "Jakovenko, Dmitry"]
[Black "Rapport, Richard"]
[Result "1/2-1/2"]
[WhiteElo "2719"]
[BlackElo "2726"]
[Annotator "TA"]
[PlyCount "73"]
[EventDate "2019.04.17"]
[EventType "tourn"]
[EventCountry "CHN"]
[SourceTitle "playchess.com"]
[Source "ChessBase"]
[SourceQuality "1"]

{[%evp 17,73,18,36,12,31,5,4,6,16,24,33,34,30,30,37,34,34,27,33,31,37,28,30,31,35,33,35,25,43,25,35,36,51,50,53,53,50,12,25,25,36,35,43,25,33,12,10,17,14,0,11,0,0,0,0,0,0,0]} 1. d4 Nf6 2. c4 e6 3. g3 Bb4+ 4. Bd2 a5 5. Bg2 O-O 6. Nf3 b6 7. O-O Bb7 8. Bf4 Be7 9. Nc3 {[%cal Bb1c3,Bc3b5,Bb5c7][%mdl 32]} Ne4 10. Nb5 {E16: Queen's Indian: 4 g3 Bb7 5 Bg2 Bb4+} c6 11. Nc7 Ra7 {White must now prevent ...g5.} 12. Qb3 $1 {[%cal Rb3b6]} d6 $1 13. c5 $146 ({Predecessor:} 13. Qxb6 Nd7 14. Qxa7 Qxc7 15. d5 c5 16. dxe6 Nb8 17. Nd4 cxd4 18. Bxe4 {1-0 (28) Xiong,J (2651)-Le,Q (2715) chess.com INT 2018}) 13... Qxc7 14. cxb6 a4 15. bxc7 axb3 16. cxb8=Q Rxb8 17. axb3 Rba8 18. Rxa7 Rxa7 19. Rc1 Ra2 20. Ne1 d5 21. Rb1 g5 22. Bc1 Ba6 23. Bxe4 dxe4 24. Kf1 Ra5 25. Nc2 g4 26. Ne3 h5 27. Nc4 Ra2 28. Be3 Bb4 29. Kg2 Kg7 30. h3 Bb5 31. Rc1 Be7 {The position is equal.} 32. hxg4 hxg4 33. Rc2 Ra1 34. f3 exf3+ 35. exf3 gxf3+ 36. Kxf3 f6 37. Rc1 {Accuracy: White = 54%, Black = 57%.} 1/2-1/2